000 00603nam a2200217Ia 4500
008 101110s9999 xx 000 0 und d
041 _aMARATHI
082 _bSR28171
100 _aAttrawalkar Shashikant Hari
245 _aBharatiya arthavyavsthechi vikas dhorane TYBCom
260 _c2005
_bSheth Prakashan, Mumbai
300 _a361
365 _b110
520 _aEconomics
546 _aMARATHI
630 _aBharatiya arthavyavsthechi vikas dhorane TYBCom
650 _aEconomics
655 _aEconomics
730 _aBharatiya arthavyavsthechi vikas dhorane TYBCom
942 _cBOOK
999 _c820714
_d820711